书目信息 |
| 题名: |
金属建筑系统设计与规范
|
|
| 作者: | ALEXANDER NEWMAN 著 | |
| 分册: | ||
| 出版信息: | 北京 清华大学出版社 2001.08 |
|
| 页数: | 326页 | |
| 开本: | 26cm | |
| 丛书名: | ||
| 单 册: | ||
| 中图分类: | TU39 | |
| 科图分类: | ||
| 主题词: | 金属结构 | |
| 电子资源: | ||
| ISBN: | 7-302-04275-6 | |
| 000 | 00566nam0 2200193 45 | |
| 001 | 8034611037 | |
| 005 | 1980020109365036 | |
| 010 | @a7-302-04275-6@dRMB 98.00 | |
| 100 | @a19800201d2001 km y0chiy0120 ea | |
| 101 | 0 | @achi |
| 102 | @aCN@b110000 | |
| 200 | 1 | @a金属建筑系统设计与规范@Ajin shu jian zhu xi tong she ji yu gui fan@fALEXANDER NEWMAN著@FALEXANDER NEWMAN zhu |
| 210 | @a北京@c清华大学出版社@d2001.08 | |
| 215 | @a326页@d26cm | |
| 606 | 0 | @a金属结构 |
| 690 | @aTU39@v3 | |
| 701 | 0 | @aALEXANDER NEWMAN@A@4著 |
| 801 | 0 | @aCN@bPFT@c19800201 |
| 905 | @dTU39@eA36 | |
| 金属建筑系统设计与规范/ALEXANDER NEWMAN著.-北京:清华大学出版社,2001.08 |
| 326页;26cm |
| ISBN 7-302-04275-6:RMB 98.00 |
| ● |
| 相关链接 |
|
|
|
正题名:金属建筑系统设计与规范
索取号:TU39/A36
 
预约/预借
| 序号 | 登录号 | 条形码 | 馆藏地/架位号 | 状态 | 备注 |
| 1 | 360793 | 203607935 | 建筑库101/101建筑库 89排2列3层/ [索取号:TU39/A36] | 在馆 | |
| 2 | 360794 | 203607944 | 建筑库101/101建筑库 89排2列3层/ [索取号:TU39/A36] | 在馆 |